000 00672cam a2200229 4500
001 J573
008 090401t1987 xxu||||| |||| 00| 0 eng d
035 _a(Sirsi) u75566
041 _aeng
050 _a711.552
110 _aHillier Parker Research
_92002
245 _aShopping schemes in the pipeline. - May - December 1987
260 _aLondon
_bHillier Parker May and Rowden
_c1987
300 _a3 pt. ; 30cm.
350 _a0
520 _aSingle sheet updates published 3 times a year q.v.
650 _aOUT-OF-TOWN DEVELOPMENT
650 _aSHOPPING CENTRES
690 _aPROPERTY-COMMERCIAL PROPERTY-RETAIL PROPERTY
942 _n0
948 _c04/03/1997
999 _c96041
_d96041